LDR 00911naa#a2200205#i#450# 001 RU\\bibl\120256 005 20260416223623.4 011 ## _a1819-4036 100 ## _a20210331b2021####ek#y0rusy0150####ca 102 ## _aRU 200 1# _aКАЧЕСТВО ЗЕРНА СОРТОВ ЯРОВОЙ МЯГКОЙ ПШЕНИЦЫ В УСЛОВИЯХ ПОДТАЕЖНОЙ ЗОНЫ ТЮМЕНСКОЙ ОБЛАСТИ _eЖурнальная статья 210 1# _aКрасноярск _cКрасноярский государственный аграрный университет _d2021 215 ## _a6 с. 608 ## _aЖурнальная статья _2local 675 ## _aПолеводство. 633 _z 700 #1 _aБелкина _gР И 700 #1 _aЛетяго _gЮ А 700 #1 _aВыдрин _gВиктор Владимирович 700 #1 _aФедорук _gТатьяна Константиновна 856 4# _avestnik.kgau.ru _u